000 00399nam a2200169Ia 4500
008 230524s9999 xx 000 0 und d
020 _a9788174465610
082 _a658.35
_bPAN
100 _aR.Panneerselvam
245 0 _aResearch Methodology
250 _aIST
260 _aNEW DELHI
_bPHI
_c2008
300 _aXIV;639
500 _aQuantity Number: 15
650 _aManagement
942 _cBK
999 _c42528
_d42528